Combating terrorism : observations on growth in federal programs : statement of Mark E. Gebicke, Director, National Security Preparedness Issues, National Security and International Affairs Division, before the Subcommittee on Oversight, Investigations, and Emergency Management, Committee on Transportation and Infrastructure, House of Representatives /

Bibliographic Details
Main Author: Gebicke, Mark E.
Corporate Author: United States. General Accounting Office
Format: Government Document Microform Book
Language:English
Published: Washington, D.C. (P.O. Box 37050, Washington, D.C. 20013) : U.S. General Accounting Office, [1999]
Series:Testimony ; GAO/T-NSIAD-99-181.
Subjects:
Online Access:Abstract:
PDF version:

MARC

Tag First Indicator Second Indicator Subfields
LEADER 00000cam a2200000 a 4500
001 in00000005847
007 he bmb024bbca
008 990803s1999 dcua bb f000 0 eng c
005 20230331144343.7
035 |a (OCoLC)ocm42007645 
035 |9 AJJ8209AM 
035 |a in00000005847 
037 |a 162265  |b GAO (202) 512-6000 (voice); (301) 258-4066 (Fax)  |f paper copy 
040 |a GPO  |c GPO  |d MvI  |d UtOrBLW 
042 |a pcc 
043 |a n-us--- 
049 |a UMIC  |a WWW 
074 |a 0546-D-01 (MF) 
074 |a 0546-D-01 (online) 
086 0 |a GA 1.5/2:T-NSIAD-99-181 
100 1 |a Gebicke, Mark E. 
245 1 0 |a Combating terrorism :  |b observations on growth in federal programs : statement of Mark E. Gebicke, Director, National Security Preparedness Issues, National Security and International Affairs Division, before the Subcommittee on Oversight, Investigations, and Emergency Management, Committee on Transportation and Infrastructure, House of Representatives /  |c United States General Accounting Office. 
264 1 |a Washington, D.C. (P.O. Box 37050, Washington, D.C. 20013) :  |b U.S. General Accounting Office,  |c [1999] 
300 |a 21 pages, 1 unnumbered page :  |b illustrations ;  |c 28 cm. 
336 |a text  |b txt  |2 rdacontent 
337 |a microform  |b h  |2 rdamedia 
338 |a microfiche  |b he  |2 rdacarrier 
490 1 |a Testimony ;  |v GAO/T-NSIAD-99-181 
500 |a Shipping list number: 99-0777-M. 
500 |a "For release ... June 9, 1999." 
500 |a "June 9, 1999." 
504 |a Includes bibliographical references (page 21). 
533 |a Microfiche.  |b [Washington, D.C.] :  |c U.S. General Accounting Office,  |d [1999]  |e 1 microfiche : negative. 
530 |a Also available via Internet from the GPO Access web site. Address as of 2/22/06: http://www.gao.gov/docdblite/summary.php?rptno=T-NSIAD-99-181&accno=162265 (abstract), http://frwebgate.access.gpo.gov/cgi-bin/getdoc.cgi?dbname=gao&docid=f:ns99181t.pdf (PDF version); current access is available via PURL. 
500 |a Microform. 
650 0 |a Terrorism  |z United States  |x Prevention  |x Finance. 
650 0 |a Administrative agencies  |z United States  |x Management. 
650 0 |a Executive departments  |z United States  |x Management. 
710 1 |a United States.  |b General Accounting Office. 
830 0 |a Testimony ;  |v GAO/T-NSIAD-99-181. 
856 4 1 |3 Abstract:  |u http://www.gao.gov/docdblite/summary.php?rptno=T-NSIAD-99-181&accno=162265  |t 0 
856 4 1 |3 PDF version:  |u https://purl.fdlp.gov/GPO/LPS24400  |t 0 
999 |a MARS 
999 f f |i 38308121-d414-337b-8945-07d3cfb9cc79  |s 24a9009a-b2f8-3039-84f1-c0134b098201  |t 0 
952 f f |p normal  |a Texas A&M University  |b College Station  |c Sterling C. Evans Library  |d Evans: US Documents Microfiche (3rd floor)  |t 0  |e GA 1.5/2:T-NSIAD-99-181  |h Superintendent of Documents classification  |i microform -- microfiche  |m A14824284102 
952 f f |a Texas A&M University  |b College Station  |c Electronic Resources  |d Available Online  |t 0  |e GA 1.5/2:T-NSIAD-99-181  |h Superintendent of Documents classification 
998 f f |a GA 1.5/2:T-NSIAD-99-181  |t 0  |l Evans: US Documents Microfiche (3rd floor) 
998 f f |a GA 1.5/2:T-NSIAD-99-181  |t 0  |l Available Online